000 00768nam a2200253 a 4500
001 BRCA_5606
005 20190320205141.0
008 210211s1927----gw-a######---#001-0#ger-#
041 _ager
044 _agw
050 4 _aN6888
_b.M45 1927
245 1 0 _aMeisterwerker aus dem Privinzial-Museum in Hannover.
_cDorner, Alexander.
260 _aLeipzig
_bJ. Klinkhardt
_c1927
300 _a39 p.
_bil., 96 láminas
_c17 cm.
500 _aIncluye índice onomástico
500 _aF84
610 2 4 _aPrivinzial-Museum in Hannover
_914290
650 1 4 _aGalerías y museos
_914022
650 1 4 _aColeccionistas y colecciones
_zHannover, Alemania
_914291
700 1 _aDorner, Alexander.
_914292
710 2 _aProvinzial-Museum
_914293
902 _aGFM
942 _2lcc
_cB
999 _c5300
_d5300